00961cam a22002897a 4500999001500000001000900015003000600024005001700030008004100047010001300088020001500101020001800116035002000134040004400154082001700198092002200215100002400237245006000261260004900321300002500370336002600395337002800421504005700449700003100506942001200537952012200549 c3481d348133104924OCoLC20181113170503.0950823s1994 pau b 000 0 eng  a95195135 a1560437960 a9781560437963 a(OCoLC)33104924 aDLCbengcDLCdOCLCQdBAKERdOCLCQdBSC a133.3bS285H a248bS2852h, 19941 aScarborough, Peggy.10aHealing through spiritual warfare /cPeggy Scarborough. aShippensburg, PA :bTreasure House,c©1994. axiii, 190p. ;c21 cm atextbtxt2rdacontent aunmediatedbn2rdamedia aIncludes bibliographical references (pages 183-190). eforeword By Dr. Bill Hamon 2ddccBK 00102ddc40718NFICaHMCbHMCcGENd2018-11-13g200.00l0o133.3 S285Hp004068r2018-11-13 00:00:00w2018-11-13yBK